000 00501nam a22001817a 4500
005 20251108164040.0
008 250721s1993 xx 000 0 ara d
082 1 4 _a150/عبد
100 1 _aعدس، عبد الرحمن
245 1 0 _aالمدخل إلى علم النفس /
250 _aط3.
264 1 _aعمان :
_bمركز الكتب الاردني،
_c1993.
300 _a405ص
650 1 7 _aعلم النفس
700 1 _aتوق، محي الدين
942 _2ddc
_cBK
999 _c2331
_d2331